Normal view
MARC view
- Mazari, Marcos,
Entry Nombre Personal
001 - NUMERO DE CONTROL
- campo de control: 44497
003 - IDENTIFICADOR DE NUMERO DE CONTROL
- campo de control: UPN
005 - FECHA Y HORA DE LA ÜLTIMA TRANSACCIÓN
- campo de control: 20220523111500.0
008 - DATOS DE LONGITUD FIJA
- campo de control de longitud fija: 220523|| aca||aabn | a|a d
040 ## - FUENTE DE CATALOGACIÓN
- Agencia original de catalogación: UPN
100 1# - ENCABEZAMIENTO - NOMBRE PERSONAL
- Nombre personal: Mazari, Marcos,
- Fechas asociadas con el nombre: 1925-
